Intermediate Practical Statistics (Record no. 190584)
[ view plain ]
| 000 -LEADER | |
|---|---|
| fixed length control field | 00806 a2200169 4500 |
| 003 - CONTROL NUMBER IDENTIFIER | |
| control field | Nust |
| 005 - DATE AND TIME OF LATEST TRANSACTION | |
| control field | 20170207153947.0 |
| 040 ## - CATALOGING SOURCE | |
| Transcribing agency | Nust |
| 082 ## - DEWEY DECIMAL CLASSIFICATION NUMBER | |
| Classification number | 310 |
| 100 ## - MAIN ENTRY--PERSONAL NAME | |
| Personal name | Bhatti.A Iqbal |
| 245 ## - TITLE STATEMENT | |
| Title | Intermediate Practical Statistics |
| Statement of responsibility, etc. | Iqbal A. Bhatti |
| 260 ## - PUBLICATION, DISTRIBUTION, ETC. | |
| Place of publication, distribution, etc. | Jhelum |
| Name of publisher, distributor, etc. | Bhatti Publishers |
| 300 ## - PHYSICAL DESCRIPTION | |
| Extent | 111, p.; |
| 505 ## - FORMATTED CONTENTS NOTE | |
| Formatted contents note | Tabulation of Statistical Data (Page-1) Diagrammatic and Graphic Representation of Data (Page-3) Logarithms (Page-12) Measures of Central Tendency (Page-17) Measures of Dispersion (Page-34) Moments and Skewness (Page-43) Index Numbers (Page-54) Analysis of the Time Series (Page-60) Simple Correlation (Page-75) Chi- Square (Page-79) Interpolation (Page-84) Curve Fitting (Page-89) Theoretical Distributions (Page-97) |
| 538 ## - SYSTEM DETAILS NOTE | |
| System details note | Almirah No.50 Shelf No.2 |
| 650 ## - SUBJECT ADDED ENTRY--TOPICAL TERM | |
| Topical term or geographic name entry element | statistics |
| 942 ## - ADDED ENTRY ELEMENTS (KOHA) | |
| Source of classification or shelving scheme | |
| Koha item type | Book |
| Withdrawn status | Lost status | Source of classification or shelving scheme | Damaged status | Not for loan | Collection code | Permanent Location | Current Location | Date acquired | Total Checkouts | Full call number | Barcode | Date last seen | Price effective from | Koha item type |
|---|---|---|---|---|---|---|---|---|---|---|---|---|---|---|
| Military College of Signals (MCS) | Military College of Signals (MCS) | 12/12/2016 | 310 BHA | MCS22302 | 12/08/2016 | 12/12/2016 | Book |
